|
|
|
|
| LEADER |
00000cam a2200000 7i4500 |
| 001 |
0000001569 |
| 002 |
000001715 |
| 005 |
20000330.0 |
| 020 |
|
|
|a 9837401060
|
| 090 |
0 |
0 |
|a JF
|b CHI
|
| 100 |
1 |
|
|a Chin, Jacqui
|
| 245 |
1 |
4 |
|a The magic ubi
|c Jacqui Chin
|
| 260 |
|
|
|a Petaling Jaya :
|b Longman ,
|c 1993
|
| 300 |
|
|
|a 22p. :
|b ill ;
|c 24cm.
|
| 490 |
0 |
|
|a Hibiscus series
|
| 650 |
0 |
0 |
|a Children's stories
|
| 999 |
|
|
|a 034212
|b BUKU
|c PINJAMAN
|e PERPUSTAKAAN KOMUNITI PETALING JAYA
|
| 999 |
|
|
|a 034213
|b BUKU
|c PINJAMAN
|e PERPUSTAKAAN KOMUNITI PETALING JAYA
|
| 999 |
|
|
|a 034214
|b BUKU
|c PINJAMAN
|e PERPUSTAKAAN KOMUNITI PETALING JAYA
|